| 000 | 00560cam a2200205 a 4500 | ||
|---|---|---|---|
| 999 |
_c6727 _d6727 |
||
| 001 | 373 | ||
| 003 | BD-DhUAP | ||
| 005 | 20210106125537.0 | ||
| 008 | 201231s1988 at abf b f000 0 eng | ||
| 020 | _a0732224152 | ||
| 040 |
_aBD-DhUAP _cBD-DhUAP _dBD-DhUAP _bEng |
||
| 082 |
_a823.91 DAR _223 |
||
| 100 | _aDark, Eleanor. | ||
| 245 |
_aThe timeless land / _cEleanor Dark. |
||
| 260 |
_aSydney : _bCollins, _cc1988. |
||
| 300 |
_a544 pages ; _c22 cm. |
||
| 650 | _aAustralian fiction. | ||
| 942 |
_2ddc _cBK |
||